000 00499nam a2200181Ia 4500
005 20250508151204.0
008 008 250505s9999 xx 000 0 eng d
037 _aTextual
040 _aFEDL
_beng
_cFEDL
041 _aeng
_2eng
084 _a574, LYS
_qFEDL
100 _aLysenko T D
_9758631
245 0 _aHeredity and its variability
260 _aMoscow
_bForeign Languages Publishing House
_c1953
300 _a135p.
942 _cTEXL
_h574, LYS
999 _c1328141
_d1328141